| 000 | 00390nam a22001337a 4500 | ||
|---|---|---|---|
| 008 | 231027b |||||||| |||| 00| 0 eng d | ||
| 041 | _aeng | ||
| 082 | _bSRI | ||
| 110 |
_aSrinivasan, Prakash _9205024 |
||
| 245 |
_aInternational Journal of Obstetrics and Gynaecology Nursing _bVolume No. 6 to 8 Year 2019-2021 |
||
| 260 |
_aChennai _bMcMed International |
||
| 300 | _a255P. | ||
| 942 | _cBV | ||
| 999 |
_c356420 _d356420 |
||